00416nam a2200193Ia 4500003000900000008004100009040001300050040001300063041000800076100002800084245001400112250001100126260001400137260000900151300001100160300001200171490003300183490000600216IT-RoPAU120407s9999 xx 000 0 und d aIT-RoPAU cIT-RoPAU aita aHans Urs von Balthasar  aCattolico aMilano aJaca Book c1976 a146 p. c18,2 cm aGià e non ancora pocket,19 v1